01914nam a2200253 a 4500001001000000005001700010008004100027041000800068044000700076084002800083100003200111245011200143260002700255300002400282500005600306500080600362500011201168500006701280500005401347506009201401546004901493600003201542651008601574BRCA_538220190320205044.0091210s1842----mx-####f#v---#000-0#spa-# aspa amx aDOC5b.M39c1842pD19951 aMaza del Campo, Tomas de la10aTítulo de Licenciatura en Medicina a favor de Don Tomas de la Maza del CampocTomas de la Maza del Campo. aMadrid, Españac1842 a[1] fojac42 x 60cm aDocumento autografa expedido el 3 de agosto de 1842 aTítulo expedido a Don Tomas de la Maza del Campo a la edad de 31 años, después de haber acreditado en debido forma tener requisitos prevenidos por las leyes ha sido examinado y aprobado en la Facultad de Medicina el día 28 de julio, se da licencia y autorización para que libremente y sin incurrir en pena alguna pueda ejercer la citada Facultad de Medicina en los casos y cosas que a ella tocantes y concérnientes, en todo el territorio de la Monarquía Española en virtud de esta nuestra carta y de parte de la reina (Q. D. G.) exhortamos y requerimos a todos los jueces y demás Autoridades que no le pongan ni permitan que se le ponga impedimento alguno y hagan guardar todas las honras privilegios y consideraciones que por las leyes estan concedidas a los licenciados en Medicina aContiene en el margen superior leyenda: LA REINA, Y EN SU AUGUSTO NOMBRE LA DIRECCIÓN GENERAL DE ESTUDIOS aEstado de conservación: contiene manchas de acidez y roturas aDonación del Sr. Gonzalo Tassier 10 agosto 19950 aFondo reservado: para su consulta es necesario credencial de usuario y carta de motivos aTexto en español de mediados del siglo XIX14aMaza del Campo, Tomas de la 4aEspañavImpreso con rúbricasxHistoriayRestauración Borbónica, 1814-1868